| 000 | 00338nam a22001217a 4500 | ||
|---|---|---|---|
| 020 | _a0131453556 | ||
| 082 |
_222 _a005.446 |
||
| 100 |
_bTerpstra, John H _cVernooi, Jelmer R. |
||
| 245 | _aThe official samb a-3 howto and reference guide / | ||
| 260 |
_aUSA, _bPrentice Hall _cC2004. |
||
| 300 |
_aXXXVIII, 658 P. ; _bill. ; |
||
| 942 |
_2ddc _cIT |
||
| 999 |
_c4137 _d4137 |
||